000 00661nam a2200229 a 4500
001 000022704
005 20260119094801.0
008 101115s1977 sp r 000 0 spa d
020 _a8432503576
040 _aDO-SdBNP
_bspa
_cBNPHU
082 _a150.1
_bL168p, 1977
100 1 _aLafourcade, Agustín
_d1916-
_946670
245 1 0 _aPsicología fundamental /
_cAgustín Lafourcad.
250 _a2a ed.
260 _aMadrid :
_bDoncel,
_c1977.
300 _a190, [8] p. ;
_c18 cm.
490 1 _aEl libro de bolsillo doncel
_v139
650 0 _aPsicología
_9152
650 0 _aAmor
_91688
830 0 _aEl libro de bolsillo doncel ;
_v139
_98628
049 _aBNGR
999 _c22201
_d22201